00537cam a22001577a 4500008003600000082001400036100002400050245007800074260002700152300000900179440004700188650002100235650001900256999001900275952008500294180718b xxu||||| |||| 00| 0 eng d aZ245 K897 aKrishnamurthy, K.H. aFruits: Mango, Banana, Papaya, Grape, Guava, Jamuncby K.H. Krishnamurthy aDelhibBooks For Allc a95p. aHealth series: traditional family medicine aMedicinal plants aFruite - India c400204d400204 00104070aIIPAbIIPAd2002-09-26oZ245 K897p66606r2018-07-21w2018-07-21yBK